<?xml version="1.0" encoding="UTF-8"?>
<record
    xmlns:xsi="http://www.w3.org/2001/XMLSchema-instance"
    xsi:schemaLocation="http://www.loc.gov/MARC21/slim http://www.loc.gov/standards/marcxml/schema/MARC21slim.xsd"
    xmlns="http://www.loc.gov/MARC21/slim">

  <leader>01881nam a2200205Ia 4500</leader>
  <controlfield tag="001">b6494-46529 </controlfield>
  <controlfield tag="003">IT-MiCISF</controlfield>
  <controlfield tag="008">161014s9999||||xx |||||||||||||| ||und||</controlfield>
  <datafield tag="040" ind1=" " ind2=" ">
    <subfield code="a">IT-MiCISF</subfield>
    <subfield code="c">IT-MiCISF</subfield>
  </datafield>
  <datafield tag="041" ind1=" " ind2=" ">
    <subfield code="a">it</subfield>
  </datafield>
  <datafield tag="100" ind1=" " ind2=" ">
    <subfield code="a">Cocchi Elisa (a cura di)</subfield>
  </datafield>
  <datafield tag="245" ind1=" " ind2="0">
    <subfield code="a">Sentieri di vita</subfield>
    <subfield code="b">In cammino alla ricerca dei significati che portano luce all'ombra</subfield>
  </datafield>
  <datafield tag="250" ind1=" " ind2=" ">
    <subfield code="a">1a ed.</subfield>
  </datafield>
  <datafield tag="260" ind1=" " ind2=" ">
    <subfield code="a"> Terlizzi (BA)</subfield>
    <subfield code="b">Ed. Insieme</subfield>
    <subfield code="c">2009</subfield>
  </datafield>
  <datafield tag="300" ind1=" " ind2=" ">
    <subfield code="a">pp. 397</subfield>
  </datafield>
  <datafield tag="500" ind1=" " ind2=" ">
    <subfield code="a">Centro di consulenza per la famiglia di Modena, in collaborazione con il CISF di Milano. Rebuzzini L., Belletti F., Prandini R., Gillini G., Zattoni M.T., Barbieri C., Panini P., Ascari M., Cocchi E., Borghi P., Scarpelli G., Lisotti A., Carrozzo M.E., Feltri P., Mancini A., Coppini C., Violi S., Stradi A., Santini M.E., Molinari C., Davalli D., Catellani P., Selmi M. / consulenza, consultori, storia, &#xE9;quipe, formazione / In questo libro ci sono le tracce del cammino che il Centro di Consulenza per la Famiglia di Modena ha percorso dall'inizio del suo operare nei lontani anni Ottanta, fino ai nostri giorni. Fa sentire la voce di chi lavora al Centro di Consulenza per la Famiglia, la voce dei professionisti, ma anche la voce di tutte le persone, dei gruppi, delle coppie, dei ragazzi, dei bambini, che sono passati per il Centro, che si sono fermati per "riposare" un po', per recuperare energie, per rispolverare significati perduti, per poi continuare autonomamente il proprio tratto di strada, cambiati rispetto alla richiesta iniziale. Questo libro rappresenta quindi un cammino non lineare ed esplicito, ma simbolico: che dalla solitudine conduce al confronto e alla relazione, che dall'oscurit&#xE0; rappresentata dal peso dell'incertezza, conduce al chiarore della comprensione.</subfield>
  </datafield>
  <datafield tag="650" ind1=" " ind2=" ">
    <subfield code="a"> Famiglia nella societ&#xE0; / consulenza-familiare</subfield>
    <subfield code="e">006</subfield>
  </datafield>
  <datafield tag="942" ind1=" " ind2=" ">
    <subfield code="c">BK</subfield>
  </datafield>
  <datafield tag="957" ind1=" " ind2=" ">
    <subfield code="7">1</subfield>
  </datafield>
  <datafield tag="999" ind1=" " ind2=" ">
    <subfield code="a">46529</subfield>
    <subfield code="b">si</subfield>
    <subfield code="g">1</subfield>
    <subfield code="c">210545</subfield>
    <subfield code="d">210545</subfield>
  </datafield>
  <datafield tag="952" ind1=" " ind2=" ">
    <subfield code="0">0</subfield>
    <subfield code="1">0</subfield>
    <subfield code="4">0</subfield>
    <subfield code="6">B_649446529</subfield>
    <subfield code="7">1</subfield>
    <subfield code="a">CISF</subfield>
    <subfield code="b">CISF</subfield>
    <subfield code="d">2016-10-14</subfield>
    <subfield code="l">0</subfield>
    <subfield code="o">b6494-46529 </subfield>
    <subfield code="r">2016-10-14 00:00:00</subfield>
    <subfield code="w">2016-10-14</subfield>
    <subfield code="y">BK</subfield>
    <subfield code="z">Data import 15.10.2016 / by Epidotti, Vaglietti</subfield>
  </datafield>
</record>
